000 00210 a2200109 4500
020 _a9781534418370
041 _aspa
100 _aMartin Jr, Bill
245 _aChica chica bum bum
942 _cBK
952 _71
999 _c25336
_d25336